Qui sont ces députés du Groupe La France Insoumise ? - 2024 - Statistiques

Statistiques générales
  • Ce quiz a été pris 173 fois
  • Le résultat moyen est 11 sur 16
Statistiques - réponses
Par images Hint Réponse % Correct
Val de Marne Mathilde Panot
96%
Val de Marne Louis Boyard
94%
Bouches du Rhône Manuel Bompard
89%
Bouches du Rhône Sebastien Delogu
87%
Essonne Antoine Léaument
85%
Val de Marne Clémence Guetté
83%
Paris Aymeric Caron
81%
Seine Saint Denis Eric Coquerel
81%
Nord Aurélien Le Coq
80%
Nord David Guiraud
76%
Vaucluse Raphaël Arnault
74%
Paris Danièle Obono
70%
Nord Ugo Bernalicis
55%
Paris Sarah Legrain
34%
Haute Vienne Damien Maudet
31%
Seine Saint Denis Aly Diouara
30%
Aucun quiz correspondant
Distribution des résultats
% des personnes avec chaque résultat
Percentile par nombre de réponses
Votre historique - résultats
Vous n’avez pas pris ce quiz